01043cam a22002777a 4500999001700000001000900017005001700026008004100043010001700084020001800101020001500119035002400134040004400158042001400202050002200216100002200238245007600260260004300336300005000379500007800429504004100507650004200548710002000590942003300610952012200643 c21666d216661687856320170123081923.0110719s2011 enkae bc 000 0 eng d a 2011431406 a9780714111780 a0714111783 a(OCoLC)ocn704396552 aBTCTAbengcBTCTAdYDXCPdCDXdNDDdDLC alccopycat00aN7302b.S546 20111 aSimpson, St John.14aThe Begram hoard :bIndian ivories from Afghanistan /cSt John Simpson. aLondon :bBritish Museum Press,c2011. a96 p. :bill. (chiefly col.), plans ;c19 cm. aCatalog of an exhibition held at the British Museum, Mar. 3-July 3, 2011. aIncludes bibliographical references. 0aArt, IndiczAfghanistanvExhibitions.2 aBritish Museum. 2lcccBOOKShN7302 .S546 2011 00102lcc4070aMUCbMUCcTECHd2017-01-23eDonation(BFA)l0oN7302 .S546 2011p31640r2018-06-08w2017-01-23yBOOKS